00334pab a2200121 454500008004000000100002100040245005600061260000900117300001300126362000800139650002900147773003600176180718b2002 xxu||||| |||| 00| 0 eng d aArora, Balwinder aEnvironmental management - need for national agenda c2002 ap.55-76. aApr aEnvironmental management aGuru Nanak Journal of Sociology